000 00351nam a2200145Ia 4500
008 221030s9999 xx 000 0 und d
041 _aEnglish
082 _a105.23
_bGill
100 _aP. S. Gill
245 0 _aMachine Drawing
_cby P. S. Gill
260 _bS.K Kataria & Sons
_aNew Delhi
_c1999
300 _a577
650 _aMechanical
942 _cBK
999 _c2298
_d2298